| 000 | 02579nam a2200385 i 4500 | ||
|---|---|---|---|
| 005 | 20220317001732.0 | ||
| 007 | ta | ||
| 008 | 200428s2014 ck a gr 000 0 spa d | ||
| 020 | _a9789581403691 | ||
| 020 | _a9581403698 | ||
| 040 |
_aCO-BoRNBP _bspa _cCO-BoRNBP _erda |
||
| 041 | 0 | _aspa | |
| 084 | _aLM OCA1 | ||
| 100 | 1 |
_aOcampo López, Javier _d1939- _eautor |
|
| 245 | 1 | 0 |
_aMitos y leyendas latinoamericanas _cJavier Ocampo López |
| 250 | _aPrimera edición | ||
| 264 | 1 |
_aBogotá _bPlaza & Janés _c2014 |
|
| 300 |
_a201 páginas _bilustraciones a blanco y negro _c24 cm |
||
| 336 |
_atexto _btxt _2rdacontent |
||
| 337 |
_asin mediación _bn _2rdamedia |
||
| 338 |
_avolumen _bnc _2rdacarrier |
||
| 504 | _aIncluye referencias bibliográficas | ||
| 505 | 1 | _aMitos de los orígenes -- Mitos de la madre tierra -- Mitos de las tierras y las ciudades perdidas -- Los árboles sagrados y la fuente de la eterna juventud -- Leyendas de tesoros legendarios -- Los Caciques de la resistencia -- Las leyendas femeninas -- Algunos mitos populares latinoamericanos -- Lecturas | |
| 520 | _a"Desde los orígenes de la literatura en las altas culturas y civilizaciones, y en todos los pueblos del mundo que buscan la explicación de los fenómenos naturales, humanos e históricos, y que hacen vivencia de hechos trascendentales que se transforman en legendarios y sobrenaturales, existen los mitos y leyendas populares, que son parte muy profunda del patrimonio histórico y cultural de la humanidad. Los orígenes de los pueblos, las aldeas, y las ciudades, de hombres y mujeres que se convierten en personajes legendarios; los misterios de las selvas, las montañas, las colinas, las cuevas, los ríos, las quebradas, las lagunas, los mares y otros lugares de la tierra, llenos de secretos, enigmas y fantasías. Los múltiples fenómenos naturales como inundaciones, borrascas, ciclones, vientos, sequías, terremotos, maremotos y demás hechos naturales que surgen de los equinoccios y solsticios, son motivo de explicaciones populares a través de los mitos, leyendas y relatos populares. " | ||
| 521 | _aRecomendado desde los 12 años | ||
| 650 | 1 | 7 |
_aLeyendas indígenas latinoamericanas _ySiglo XX _2LEMB |
| 650 | 1 | 7 |
_aLiteratura latinoamericana _ySiglo XX _2LEMB |
| 650 | 1 | 7 |
_aMitología indígena latinoamericana _ySiglo XX _2LEMB |
| 650 | 1 | 7 |
_aCulturas indígenas _vLeyendas _2LEMB |
| 650 | 1 | 7 |
_aAnimales _vLeyendas _2LEMB |
| 650 | 1 | 7 |
_aDioses _vLeyendas _2LEMB |
| 650 | 1 | 7 |
_aAstros _vLeyendas _2LEMB |
| 650 | 1 | 7 |
_aMedio ambiente _vLeyendas _2LEMB |
| 942 |
_2loc _cBKLIT |
||
| 999 |
_c7910 _d7910 |
||